000 00681nam a2200229Ii 4500
003 JO-AjNU
008 230605s9999||||xx |||||||||||||| ||und||
017 _a20/1152
020 _a9960-758-13-3
040 _aJO-AjNU
_bara
_erda
_cJO-AjNU
041 _aara
050 1 4 _aPJ6696.A28 2000
100 3 _aأبو صفية، جاسر خليل,
_eauthor
_919170
245 0 0 _aمعرب القرآن : عربي أصيل
250 _aط1
264 3 1 _aالرياض: دار أجا، 2000
300 _a183ص
336 _atext
_btxt
_2rdacontent
337 _aunmediated
_bn
_2rdamedia
338 _avolume
_bnc
_2rdacarrier
650 4 _aالقرآن الكريم - ألفاظ
_919171
999 _aA6270
_c9838
_d9838